Arbeitsstaat Japan : Exportdrohung gegen die gewerkschaften
Bewaard in:
| Hoofdauteur: | |
|---|---|
| Formaat: | Boek |
| Taal: | Undetermined |
| Gepubliceerd in: |
Germany
Rowohlt
1981
|
| Onderwerpen: | |
| Tags: |
Voeg label toe
Geen labels, Wees de eerste die dit record labelt!
|
| Thư viện lưu trữ: | Trung tâm Học liệu Trường Đại học Cần Thơ |
|---|
| LEADER | 00555nam a2200205Ia 4500 | ||
|---|---|---|---|
| 001 | CTU_85989 | ||
| 008 | 210402s9999 xx 000 0 und d | ||
| 082 | |a 658.3 | ||
| 082 | |b D483 | ||
| 100 | |a Dettloff, Ariane | ||
| 245 | 0 | |a Arbeitsstaat Japan : | |
| 245 | 0 | |b Exportdrohung gegen die gewerkschaften | |
| 245 | 0 | |c Ariane Dettloff | |
| 260 | |a Germany | ||
| 260 | |b Rowohlt | ||
| 260 | |c 1981 | ||
| 650 | |a Industrial management,Working class | ||
| 650 | |z Japan,Japan | ||
| 904 | |i Năm | ||
| 980 | |a Trung tâm Học liệu Trường Đại học Cần Thơ | ||